Norse Gods - Statistics

General Stats
  • This quiz has been taken 578 times
  • The average score is 8 of 20
Answer Stats
Domain Name % Correct
The Allfather, magic, wisdom Odin
98%
God of war and thunder Thor
97%
Trickster Loki
94%
Guardian of the bifrost Heimdall
63%
Wolf of Ragnarok Fenrir
60%
Godess of the dead Hel
59%
God of war and law Tyr
59%
The World Tree Yggdrasil
53%
God of fertility and success Freyr
42%
God of light and love Baldr
35%
Warrior godess, love and beauty Freyja
33%
Mother of the gods Frigga
30%
Godess of the harvest Sif
29%
God of the sea Njord
22%
Godess of Winter Skadi
18%
Bard of the gods, muse of poetry Bragi
16%
God of law and justice Forseti
9%
God of the hunt Ullr
9%
Messenger of the gods Hermod
4%
Godess of youth and beauty Idduna
4%
No matching quizzes found
Score Distribution
Percent of People with Each Score
Percentile by Number Answered
Your Score History
You have not taken this quiz